U.S. Secretaries of the Interior by Picture - Statistics

General Stats
  • This quiz has been taken 13 times
    3 since last reset
  • The average score is 24 of 61
Answer Stats
Picture Hint Answer % Correct
2025-Present Doug Burgum
100%
1861-1862 Caleb B. Smith
67%
1877-1881 Carl Schurz
67%
2021-2025 Deb Haaland
67%
1933-1946 Harold L. Ickes
67%
1893-1896 Hoke Smith
67%
2009-2013 Ken Salazar
67%
1971-1975 Rogers Morton
67%
2017-2019 Ryan Zinke
67%
1969-1970 Walter J. Hickel
67%
1921-1923 Albert B. Fall
33%
1850-1853 Alexander Hugh Holmes Stuart
33%
*1920* Alexander T. Vogelsang
33%
1993-2001 Bruce E. Babbitt
33%
1977-1981 Cecil Andrus
33%
1870-1875 Columbus Delano
33%
1897-1899 Cornelius N. Bliss
33%
2019-2021 David Bernhardt
33%
1896-1897 David R. Francis
33%
2006-2009 Dirk Kempthorne
33%
1985-1989 Donald P. Hodel
33%
1953-1956 Douglas McKay
33%
1899-1907 Ethan A. Hitchcock
33%
1913-1920 Franklin Knight Lane
33%
1956-1961 Fred A. Seaton
33%
2001-2006 Gale Norton
33%
1882-1885 Henry M. Teller
33%
1923-1928 Hubert Work
33%
1869-1870 Jacob D. Cox
33%
1857-1861 Jacob Thompson
33%
1981-1983 James G. Watt
33%
1865-1866 James Harlan
33%
1907-1909 James Rudolph Garfield
33%
1920-1921 John Barton Payne
33%
1863-1865 John Palmer Usher
33%
1889-1893 John W. Noble
33%
1946-1949 Julius Albert Krug
33%
*1975* | *1975* Kent Frizzell
33%
1885-1888 Lucius Quintus Cincinnatus Lamar
33%
*2006* | *2009* Lynn Scarlett
33%
1989-1993 Manuel Lujan Jr.
33%
1866-1869 Orville H. Browning
33%
*1946* | 1949-1953 Oscar L. Chapman
33%
1929-1933 Ray Lyman Wilbur
33%
1909-1911 Richard A. Ballinger
33%
1853-1857 Robert McClelland
33%
1928-1929 Roy Owen West
33%
2013-2017 Sally Jewell
33%
1881-1882 Samuel J. Kirkwood
33%
*2021* Scott de la Vega
33%
1975 Stanley K. Hathaway
33%
1961-1969 Stewart Udall
33%
1849-1850 Thomas Ewing
33%
1850 Thomas McKean Thompson McKennan
33%
1975-1977 Thomas S. Kleppe
33%
*2001* Thomas Slonaker
33%
*2025* Walter Cruickshank
33%
1911-1913 Walter L. Fisher
33%
1888-1889 William F. Vilas
33%
1983-1985 William P. Clark Jr.
33%
1875-1877 Zachariah Chandler
33%
No matching quizzes found
Score Distribution
Percent of People with Each Score
Percentile by Number Answered
Your Score History
You have not taken this quiz since the last reset